| 000 | 00519nam a2200181Ia 4500 | ||
|---|---|---|---|
| 003 | GCL | ||
| 008 | 140319s9999 xx 000 0 aSpa d | ||
| 020 | _a9806444183 | ||
| 040 |
_aGCL / _cGCL |
||
| 082 | 0 | 4 |
_a190 _bC C |
| 100 | 1 | _aCEDENO, RUBEN | |
| 245 | 1 | 0 |
_aCOMENTARIOS ALAS OBRAS COMPLETAS DEL MAESTRO SAINT GERMAIN / _cCEDENO, RUBEN |
| 260 |
_aالارجنتين : _bEDITORIAL SENORA PORTENA ، _c2004 |
||
| 300 |
_a20 CM ؛ _c237 P |
||
| 650 | 0 | 4 | _aPHILOSOPHY |
| 650 | 0 | 4 | _aSPAIN - PHILOSOPHY |
| 942 |
_2ddc _cBK |
||
| 999 |
_c6889 _d6889 |
||